Teekessel-Verben - Statistiken

Allgemein
  • Dieses Quiz wurde 176 mal gespielt
  • Das Durchschnittsergebnis liegt bei 12 aus 20
Antwortstatistiken
% Korrekt
in einem Wettkampf unterliegen verlieren abhanden kommen lassen
92%
Kleidung wechseln umziehen Wohnung wechseln
90%
mit Schwung loslassen, wegschleudern werfen Hundebabys zur Welt bringen
84%
weiterreichen übergeben erbrechen
80%
Informationen nennen angeben prahlen
78%
der Polizei melden anzeigen Informationen abbilden
78%
Essen probieren kosten einen Preis haben
77%
mit dem Auto vorbeimanövrieren umfahren mit dem Auto rammen
72%
an etwas vorbeigehen/-fahren passieren geschehen
69%
leicht verrückt sein spinnen Wolle herstellen
65%
umfassen, in sich tragen enthalten keine Stimme abgeben
61%
bewahren erhalten bekommen
58%
von etwas fortgehen verlassen auf jemanden zählen
56%
fest zusagen, schwören versprechen ein falsches Wort benutzen
56%
an einer Stelle platzieren ablegen in See stechen
45%
achten, sehr mögen schätzen mutmaßen, ungefähr benennen
45%
zum Resultat haben ergeben seine Niederlage anerkennen
43%
Sonnenlicht abstrahlen scheinen wirken, nach etwas aussehen
42%
ein Angebot ablehnen ausschlagen neue Blatttriebe bekommen
18%
beenden, nicht weiterführen einstellen für einen Arbeitsplatz engagieren
18%
Keine übereinstimmenden Quizze gefunden
Verteilung der Resultate
Anzahl Personen mit jedem Resultat
Perzentil nach korrekt beantworteten Fragen
Ihre Resultats-Entwicklung
Sie haben dieses Quiz noch nicht gespielt